000 00501nam a2200181Ia 4500
001 22998
005 20260414150908.0
008 260414t2012||||xx |||||||||||||| ||spa||
041 _aESP
082 _a624.1762
_bF317
100 _aFardis, Michael N.
_eAUT
245 0 _aRole of seismic testing facilities in performance-based earthquake engineering :
_bseries workshop
260 _c2012
300 _axvii, 384 páginas :
_c24 cm.
650 _a0
654 _aCIC
942 _cLIB
_dJUS
_fJUS
_2ddc
_n
999 _c22998
_d22998